Statistiken für Gemeinden im Kanton Schaffhausen

Klicken Sie hier um das Quiz zu spielen!

Allgemein

  • Dieses Quiz wurde 68 mal gespielt
  • Das Durchschnittsergebnis liegt bei 16 aus 26

Antwortstatistiken

BezirkGemeinde% Korrekt
SchaffhausenSchaffhausen
100%
SchaffhausenNeuhausen am Rheinfall
89%
SchleitheimSchleitheim
82%
SteinStein am Rhein
82%
ReiatThayngen
79%
SchaffhausenBeringen
66%
UnterklettgauHallau
66%
OberklettgauNeunkirch
66%
OberklettgauLöhningen
63%
ReiatLohn (SH)
63%
UnterklettgauTrasadingen
63%
SchaffhausenBargen (SH)
61%
SteinBuch (SH)
61%
UnterklettgauOberhallau
61%
SchleitheimSiblingen
61%
ReiatStetten (SH)
61%
SchleitheimBeggingen
58%
UnterklettgauWilchingen
58%
ReiatDörflingen
55%
SchaffhausenMerishausen
55%
SchaffhausenBuchberg
53%
OberklettgauGächlingen
53%
ReiatBüttenhardt
50%
SteinRamsen
50%
SchaffhausenRüdlingen
50%
SteinHemishofen
42%

Verteilung der Resultate

Perzentil nach korrekt beantworteten Fragen

Anzahl Personen mit jedem Resultat

Ihre Resultats-Entwicklung

Sie haben dieses Quiz noch nicht gespielt